| 000 | 00430nam a22001817a 4500 | ||
|---|---|---|---|
| 003 | CEME | ||
| 005 | 20210628202523.0 | ||
| 008 | 210115b xxu||||| |||| 00| 0 eng d | ||
| 020 | _a9789325965225 | ||
| 040 | _c. | ||
| 082 | _a658.4012 SEN | ||
| 100 |
_aSengupta, Nitish _960306 |
||
| 245 | _aStrategic management | ||
| 260 |
_aINDIA _bVIKAS _c2013 |
||
| 300 | _aXV, 456P | ||
| 700 |
_aChandan, J.S _960307 |
||
| 942 |
_cBK _2ddc |
||
| 999 |
_c570066 _d570066 |
||